Statistiques concernant Film : Antonymes #2

Cliquez ici pour prendre le quiz!

Statistiques générales

  • Ce quiz a été pris 862 fois
  • Le résultat moyen est 8 sur 13

Statistiques - réponses

HintRéponse% Correct
Toi, beau et gentilMoi, moche et méchant
96%
En-bas !Là-haut !
95%
Women in WhiteMen in Black
94%
Slow and CalmFast and Furious
85%
TE : L'intra-lunaireE.T. : L'extra-terrestre
79%
Le roi des flammesLa reine des neiges
75%
Le sommeil de la PuissanceLe réveil de la Force
73%
ApesanteryGravity
57%
La bénédiction du White ballLa malédiction du Black pearl
51%
Woman of WoodMan of Steel
48%
Les prisonniers de l'espaceLes Gardiens de la Galaxie
38%
Le Géant : Un parcours attentduLe Hobbit : Un Voyage Inattendu
36%
Satiated PlayerHunger Games
13%

Distribution des résultats

Percentile par nombre de réponses

% des personnes avec chaque résultat

Votre développement - résultats

Vous n’avez pas pris ce quiz